Charcha Yogam (Record no. 21084)

MARC details
000 -LEADER
fixed length control field 00378nam a2200145Ia 4500
008 - FIXED-LENGTH DATA ELEMENTS--GENERAL INFORMATION
fixed length control field 211109s9999||||xx |||||||||||||| ||und||
082 ## - DEWEY DECIMAL CLASSIFICATION NUMBER
Classification number 894.812
Item number KUT-C
100 ## - MAIN ENTRY--PERSONAL NAME
Personal name Kuttikrishna Marrar,
245 #0 - TITLE STATEMENT
Title Charcha Yogam
260 ## - PUBLICATION, DISTRIBUTION, ETC.
Name of publisher, distributor, etc. P.K.Publishers
Place of publication, distribution, etc. Kozhikoode
Date of publication, distribution, etc. 1952
300 ## - PHYSICAL DESCRIPTION
Extent 125p.
630 ## - SUBJECT ADDED ENTRY--UNIFORM TITLE
General subdivision General Stack
650 ## - SUBJECT ADDED ENTRY--TOPICAL TERM
Topical term or geographic name entry element MALAYALAM LITERATURE
942 ## - ADDED ENTRY ELEMENTS (KOHA)
Koha item type BOOK
650 ## - SUBJECT ADDED ENTRY--TOPICAL TERM
General subdivision Generalia
Holdings
Withdrawn status Lost status Damaged status Not for loan Home library Current library Date acquired Cost, normal purchase price Total Checkouts Full call number Barcode Shelving location Date last seen Price effective from Koha item type
        SB LIBRARY SB LIBRARY 09/11/2021 100.00   894.812 KUT-C 00021804 GENERAL STACK 09/11/2021 09/11/2021 BOOK

Powered by Koha